LOTR: Faramir - Statistics

General Stats
  • This quiz has been taken 50 times
  • The average score is 9 of 16
Answer Stats
Answer % Correct
his brother Boromir
100%
his father Denethor
100%
Who was his eventual wife whom he met during their recovery in Minas Tirith? Eowyn
92%
Who were harassing the rangers.during their retreat to Minas Tirith, before Faramir and his men were saved by Gandalf. Nazgûl on their Fell beasts
71%
When Frodo and Sam meet Faramir, he was attacking Sauron's forces with his rangers. Which of Sauron's forces were they harrassing. Haradrim
63%
The next day Faramir was ordered to lead the defences of Osgiliath against the Witch-King. Again he was harrassed while trying to retreat to Minas-Tirith. Who saved him this time with his Swan-knights, joined by Gandalf? Prince Imrahil of Dol Amroth
58%
After his father's madness and suicide, where did they take Faramir who was fevering from his wound by a poisened arrow and the Black Breath. Houses of Healing
53%
his mother Finduilas
50%
Who was appointed as the company's first Captain? Beregond
47%
Faramir was a member of the House of the Stewards. Which House? The House of {Húrin}
47%
What was the titel King Elessar created for Faramir after the War of the Ring. Prince of Ithilien
45%
The actor who played Faramir in Peter Jackson's trilogy David Wenham
34%
Faramir took Frodo and Sam captive and led them blindfolded to the ranger's secret base. What was the name of this base? Henneth Annûn
34%
What was the name of the company created by King Elessar to guard Faramir in the Fourth Age? The White Company
26%
What was the name of their son? Elboron
24%
Where did Faramir and Éowyn settle down? Emyn Arnen
16%
No matching quizzes found
Score Distribution
Percent of People with Each Score
Percentile by Number Answered
Your Score History
You have not taken this quiz